00505nam a2200193 a 4500001001300000003000900013005001700022008004100039020001000080082002300090100002000113245003400133260004200167300000900209500003500218505001300253650002500266700002000291nice12345678IN_TiNIC20260116013513.0050524s1985 dela grp 000 0 eng  ac20000a305.629705482bMIS aMisra, Satish C aMuslim Communities in Gujarat aDelhibMunshiram Manoharlal Pubc1985 a207p aincludes index and biblioraphy2 aAppendix aMuslims-India-Gujrat1 aMisra, Satish C